000 01075nac a22002531u 4500
010 _a 94022110
020 _a0471311502 (paper)
082 0 0 _a658.40353
_bGAR
090 _c6055
_d6055
100 _aGardner, Roy,
245 1 0 _aGames for business and economics /
_cRoy Gardner.
260 _aNew York :
_bWiley,c1995.
_cc1995.
300 _axvi, 480 p. :
_bill. ;
_c24 cm.
500 _aDistributer: Al-Ahram.
504 _aIncludes bibliographical references and index.
511 _aCatalogued By: Mahitab.
650 0 _aManagerial economics.
650 0 _aGame theory.
650 0 _aEconomics, Mathematical.
856 4 _3Table of Contents only
_uhttp://www.loc.gov/catdir/toc/onix01/94022110.html
856 4 _3Contributor biographical information
_uhttp://www.loc.gov/catdir/enhancements/fy0607/94022110-b.html
856 4 _3Publisher description
_uhttp://www.loc.gov/catdir/enhancements/fy0607/94022110-d.html
942 _cBB
_k658.40353GAR
999 _c6055
_d6055